[Event "Belgrade-chT Quality"]
[Site "Belgrade"]
[Date "2015.11.03"]
[Round "9"]
[White "Kitanovski, Goran"]
[Black "Jelic, Ljubisa"]
[Result "1/2-1/2"]
[WhiteElo "1833"]
[BlackElo "1914"]
[PlyCount "145"]
[EventDate "2015.10.03"]
[EventType "team-tourn"]
[EventRounds "11"]
[EventCountry "SRB"]
[SourceTitle "EXT 2018"]
[Source "ChessBase"]
[SourceDate "2017.10.13"]
[SourceVersion "1"]
[SourceVersionDate "2017.10.13"]
[SourceQuality "1"]

1. d4 Nf6 2. Nf3 d5 3. Bg5 e6 4. Nbd2 c5 5. c3 Nc6 6. e4 Be7 7. e5 Nd7 8. Bxe7 Qxe7 9. Bb5 0-0 10. 0-0 a6 11. Ba4 b5 12. Bc2 b4 13. Re1 a5 14. Nf1 Ba6 15. Ng3 Rac8 16. Rc1 Bc4 17. Bb1 bxc3 18. bxc3 cxd4 19. cxd4 g6 20. Qd2 Kg7 21. h4 h6 22. h5 g5 23. Qc2 Rh8 24. Qd2 a4 25. Re3 Qb4 26. Rec3 Rb8 27. a3 Qb2 28. Qe3 Rb3 29. Rxb3 Qxb3 30. Bd3 Na5 31. Bxc4 Nxc4 32. Qc3 Qxa3 33. Nh2 Qxc3 34. Rxc3 a3 35. Ne2 Rb8 36. Rc1 Rb2 37. Nc3 Ndb6 38. Ra1 Rb3 39. Rc1 Na4 40. Na2 Rb2 41. Ra1 Nd2 42. Nc1 Rb1 43. Rxb1 Nxb1 44. Nf1 Nbc3 45. Nd2 a2 46. Ndb3 f6 47. Kf1 fxe5 48. dxe5 Nc5 49. Nxa2 Nxb3 50. Nxc3 Nd2+ 51. Ke1 Nc4 52. Nb5 Nxe5 53. f3 g4 54. Ke2 gxf3+ 55. gxf3 Nd7 56. Nc7 Kf6 57. Ke3 Kf5 58. Ne8 e5 59. Nd6+ Ke6 60. Ne8 Nf6 61. Ng7+ Kf7 62. Nf5 Ng8 63. f4 Ke6 64. Ng7+ Kf6 65. Ne8+ Ke7 66. Ng7 Kf7 67. Nf5 Kf6 68. Nd6 exf4+ 69. Kxf4 Ke6 70. Nf5 Kf6 71. Ne3 Ne7 72. Ng4+ Kg7 73. Ke5 1/2-1/2